| 000 | 005140000a22001930004500 | ||
|---|---|---|---|
| 001 | 002403 | ||
| 003 | MACL | ||
| 005 | 20150712131324.0 | ||
| 008 | 150712b xxu||||| |||| 00| 0 eng d | ||
| 040 |
_aMACL _cMACL |
||
| 041 | _aEnglish | ||
| 082 | _a320/SUL | ||
| 100 |
_aSullivan, Noel O. _91886 |
||
| 245 |
_aAspects Of India _bEssay On Indian Politics And Culture _cNoel O. Sullivan |
||
| 260 |
_aDelhi _c1997 _bAjanta Publications, |
||
| 350 | _a495 | ||
| 650 |
_aPolitical Science _988 |
||
| 942 |
_k320 _cBK _2ddc |
||
| 999 |
_c14315 _d14315 |
||